| 000 | 00729nam a22001937a 4500 | ||
|---|---|---|---|
| 005 | 20251108172642.0 | ||
| 008 | 250721s1998 xx 000 0 ara d | ||
| 082 | 1 | 4 | _a346,043/إبر |
| 100 | 1 | _aإبراهيم، هلال يوسف | |
| 245 | 1 | 0 | _aأحكام زياده الأجره و فقا للقانون 1997 و القانون 136 لسنة 1981 و كيفية حسايها و مدى دستوريتها / |
| 264 | 1 |
_aالقاهرة : _bمكتبة و مطبعة الأشعاع الفنية، _c1998. |
|
| 300 | _a363 ص | ||
| 650 | 1 | 7 | _aقانون الملكية |
| 650 | 1 | 7 | _aالإيجار |
| 650 | 1 | 7 | _aعقود الإيجار التجارية |
| 650 | 1 | 7 | _aضبط الإيجار |
| 942 |
_2ddc _cBK |
||
| 999 |
_c85047 _d85047 |
||